[Event "24th Bosnjaci Open 2019"]
[Site "Bosnjaci"]
[Date "2019.01.04"]
[Round "2.22"]
[White "Novosad, Ivan"]
[Black "Boban, Sten"]
[Result "0-1"]
[WhiteElo "1840"]
[BlackElo "2105"]
[Annotator "NA"]
[PlyCount "70"]
[EventDate "2019.01.03"]
[EventType "swiss"]
[EventCountry "CRO"]
[SourceTitle "playchess.com"]
[Source "ChessBase"]
[SourceQuality "1"]
[TimeControl "5400+30"]

1. c4 {[%emt 0:07:30]} Nf6 {[%emt 0:03:30]} 2. Nc3 {[%emt 0:06:30]} g6 {[%emt 0:00:30]} 3. Nf3 {[%emt 0:00:30]} Bg7 {[%emt 0:00:30]} 4. d4 {[%emt 0:00:30]} d6 {[%emt 0:00:30]} 5. h3 {[%emt 0:01:30]} Nbd7 {[%emt 0:00:00]} 6. e4 {[%emt 0:01:30]} e5 {[%emt 0:00:00]} 7. dxe5 {[%emt 0:03:30]} dxe5 {[%emt 0:00:30]} 8. Bg5 {[%emt 0:01:30]} h6 {[%emt 0:05:30]} 9. Be3 {[%emt 0:00:30]} O-O {[%emt 0:00:30]} 10. Qc2 {[%emt 0:01:30]} c6 {[%emt 0:02:30]} 11. Rd1 {[%emt 0:11:30]} Qe7 {[%emt 0:05:30]} 12. Qd2 {[%emt 0:07:30]} Nc5 {[%emt 0:07:30]} 13. Qc2 {[%emt 0:19:30]} Nh5 {[%emt 0:12:30]} 14. Qd2 {[%emt 0:04:30]} Nf6 {[%emt 0:16:30]} 15. Qc2 {[%emt 0:02:30]} a5 {[%emt 0:03:30]} 16. Nh2 {[%emt 0:06:30]} Be6 {[%emt 0:01:30]} 17. Be2 {[%emt 0:06:07]} Nfd7 {[%emt 0:03:30]} 18. g4 {[%emt 0:01:30]} a4 {[%emt 0:02:30]} 19. b4 {[%emt 0:03:22]} axb3 {[%emt 0:00:30]} 20. axb3 {[%emt 0:00:12]} Ra3 {[%emt 0:00:30]} 21. Rb1 {[%emt 0:01:43]} Rfa8 {[%emt 0:05:30]} 22. Nf3 {[%emt 0:01:58]} Na6 {[%emt 0:03:30]} 23. Na4 {[%emt 0:01:49]} Nb4 {[%emt 0:01:30]} 24. Qc1 {[%emt 0:01:11]} Ra2 {[%emt 0:11:04]} 25. Rb2 {[%emt 0:03:47]} Rxb2 {[%emt 0:02:45]} 26. Qxb2 {[%emt 0:01:06]} Ra5 {[%emt 0:04:11]} 27. O-O {[%emt 0:00:34]} f5 {[%emt 0:00:24]} 28. Nd2 {[%emt 0:01:53]} f4 {[%emt 0:04:11]} 29. Bb6 {[%emt 0:00:35]} Rxa4 {[%emt 0:00:27]} 30. bxa4 {[%emt 0:01:09]} Nxb6 {[%emt 0:00:06]} 31. Rb1 {[%emt 0:00:28]} c5 {[%emt 0:00:06]} 32. a5 {[%emt 0:00:23]} Nd7 {[%emt 0:00:21]} 33. Nb3 {[%emt 0:00:35]} Bf8 {[%emt 0:00:23]} 34. Qa3 {[%emt 0:00:34]} h5 {[%emt 0:01:25]} 35. Qa4 {[%emt 0:00:30]} Qh4 {[%emt 0:00:37]} 0-1

[Event "24th Bosnjaci Open 2019"]
[Site "Bosnjaci"]
[Date "2019.01.04"]
[Round "2.23"]
[White "Tomas, Ante"]
[Black "Borzan, Andrej"]
[Result "1-0"]
[WhiteElo "2102"]
[BlackElo "1818"]
[Annotator "NA"]
[PlyCount "53"]
[EventDate "2019.01.03"]
[EventType "swiss"]
[EventCountry "CRO"]
[SourceTitle "playchess.com"]
[Source "ChessBase"]
[SourceQuality "1"]
[TimeControl "5400+30"]

1. e4 {[%emt 0:10:30]} d6 {[%emt 0:00:30]} 2. d4 {[%emt 0:00:30]} Nf6 {[%emt 0:00:00]} 3. Nc3 {[%emt 0:00:30]} g6 {[%emt 0:00:00]} 4. f4 {[%emt 0:00:30]} Bg7 {[%emt 0:00:30]} 5. Nf3 {[%emt 0:00:30]} O-O {[%emt 0:00:00]} 6. e5 {[%emt 0:03:30]} Ne8 {[%emt 0:03:00]} 7. Be3 {[%emt 0:04:30]} e6 {[%emt 0:00:30]} 8. h4 {[%emt 0:01:30]} b6 {[%emt 0:01:30]} 9. h5 {[%emt 0:00:30]} Bb7 {[%emt 0:00:30]} 10. hxg6 {[%emt 0:02:30]} fxg6 {[%emt 0:00:00]} 11. Ng5 {[%emt 0:00:30]} Qe7 {[%emt 0:01:00]} 12. Nxh7 {[%emt 0:01:30]} c5 {[%emt 0:02:30]} 13. Nxf8 {[%emt 0:01:30]} Qxf8 {[%emt 0:01:30]} 14. Qg4 {[%emt 0:01:30]} Qf7 {[%emt 0:00:30]} 15. Bd3 {[%emt 0:00:30]} cxd4 {[%emt 0:01:30]} 16. Bxg6 {[%emt 0:00:00]} Qe7 {[%emt 0:00:30]} 17. Bxd4 {[%emt 0:04:00]} Nc6 {[%emt 0:01:30]} 18. exd6 {[%emt 0:05:30]} Qxd6 {[%emt 0:00:30]} 19. Bxg7 {[%emt 0:01:30]} Nxg7 {[%emt 0:00:30]} 20. Rh8+ {[%emt 0:05:30]} Kxh8 {[%emt 0:00:30]} 21. Qh4+ {[%emt 0:00:00]} Kg8 {[%emt 0:00:30]} 22. Qh7+ {[%emt 0:00:00]} Kf8 {[%emt 0:00:30]} 23. Qh8+ {[%emt 0:00:00]} Ke7 {[%emt 0:00:00]} 24. Qxg7+ {[%emt 0:00:00]} Kd8 {[%emt 0:00:00]} 25. Rd1 {[%emt 0:00:30]} Nd4 {[%emt 0:01:30]} 26. Rxd4 {[%emt 0:00:30]} Bd5 {[%emt 0:00:30]} 27. Nxd5 {[%emt 0:00:30]} 1-0

[Event "24th Bosnjaci Open 2019"]
[Site "Bosnjaci"]
[Date "2019.01.04"]
[Round "2.24"]
[White "Mutapcic, Ilija"]
[Black "Potlimbrzovic, Zdenko"]
[Result "1-0"]
[WhiteElo "1836"]
[BlackElo "2094"]
[Annotator "NA"]
[PlyCount "79"]
[EventDate "2019.01.03"]
[EventType "swiss"]
[EventCountry "CRO"]
[SourceTitle "playchess.com"]
[Source "ChessBase"]
[SourceQuality "1"]
[TimeControl "5400+30"]

1. d4 {[%emt 0:00:30]} Nf6 {[%emt 0:00:30]} 2. Nf3 {[%emt 0:00:00]} g6 {[%emt 0:00:30]} 3. c4 {[%emt 0:00:00]} Bg7 {[%emt 0:00:00]} 4. Nc3 {[%emt 0:00:30]} O-O {[%emt 0:00:00]} 5. e4 {[%emt 0:00:00]} d6 {[%emt 0:00:30]} 6. h3 {[%emt 0:00:00]} Re8 {[%emt 0:07:30]} 7. Bg5 {[%emt 0:00:30]} c6 {[%emt 0:02:30]} 8. Be2 {[%emt 0:02:30]} Qa5 {[%emt 0:01:30]} 9. Qd2 {[%emt 0:00:30]} a6 {[%emt 0:02:30]} 10. a3 {[%emt 0:00:30]} b5 {[%emt 0:00:30]} 11. b4 {[%emt 0:00:30]} Qb6 {[%emt 0:02:30]} 12. O-O {[%emt 0:01:30]} Bb7 {[%emt 0:02:30]} 13. Rac1 {[%emt 0:03:30]} bxc4 {[%emt 0:05:30]} 14. Bxc4 {[%emt 0:00:30]} e6 {[%emt 0:02:30]} 15. Rfd1 {[%emt 0:01:30]} d5 {[%emt 0:03:30]} 16. Na4 {[%emt 0:02:30]} Qa7 {[%emt 0:02:30]} 17. exd5 {[%emt 0:01:30]} cxd5 {[%emt 0:05:30]} 18. Bd3 {[%emt 0:00:30]} Nc6 {[%emt 0:07:30]} 19. Nc5 {[%emt 0:01:30]} Bc8 {[%emt 0:11:30]} 20. b5 {[%emt 0:02:30]} Nb8 {[%emt 0:04:30]} 21. g4 {[%emt 0:01:30]} Nfd7 {[%emt 0:05:30]} 22. a4 {[%emt 0:01:30]} f6 {[%emt 0:01:30]} 23. Be3 {[%emt 0:00:30]} axb5 {[%emt 0:03:30]} 24. axb5 {[%emt 0:00:30]} Qb6 {[%emt 0:02:30]} 25. Kg2 {[%emt 0:02:30]} Bf8 {[%emt 0:00:00]} 26. Qc2 {[%emt 0:01:30]} Kg7 {[%emt 0:04:00]} 27. h4 {[%emt 0:00:30]} Qd6 {[%emt 0:02:30]} 28. h5 {[%emt 0:01:30]} e5 {[%emt 0:00:30]} 29. Nh4 {[%emt 0:06:30]} Nxc5 {[%emt 0:04:52]} 30. dxc5 {[%emt 0:01:30]} Qe6 {[%emt 0:02:06]} 31. Be2 {[%emt 0:03:30]} d4 {[%emt 0:02:20]} 32. hxg6 {[%emt 0:01:30]} Ra2 {[%emt 0:01:19]} 33. Nf5+ {[%emt 0:01:30]} Kh8 {[%emt 0:00:31]} 34. Qd3 {[%emt 0:03:30]} e4 {[%emt 0:02:54]} 35. Qc4 {[%emt 0:04:30]} dxe3 {[%emt 0:00:53]} 36. Rh1 {[%emt 0:00:30]} Qxc4 {[%emt 0:00:19]} 37. Rxh7+ {[%emt 0:00:30]} Kg8 {[%emt 0:00:03]} 38. Bxc4+ {[%emt 0:00:30]} Be6 {[%emt 0:00:31]} 39. Bxa2 {[%emt 0:00:30]} Bxa2 {[%emt 0:00:08]} 40. Ra1 {[%emt 0:00:30]} 1-0

[Event "24th Bosnjaci Open 2019"]
[Site "Bosnjaci"]
[Date "2019.01.05"]
[Round "4.1"]
[White "Zufic, Miroslav"]
[Black "Zaja, Ivan"]
[Result "0-1"]
[WhiteElo "2389"]
[BlackElo "2458"]
[Annotator "TA"]
[PlyCount "82"]
[EventDate "2019.01.03"]
[EventType "swiss"]
[EventCountry "CRO"]
[SourceTitle "playchess.com"]
[Source "ChessBase"]
[SourceQuality "1"]

{[%evp 9,82,20,59,12,8,9,14,8,22,20,15,26,67,54,62,70,58,77,72,52,63,68,88,75,80,46,69,68,75,52,91,87,125,96,92,37,58,3,9,2,5,-18,20,14,17,16,19,19,16,25,25,26,45,10,37,0,0,0,0,0,0,-229,-228,-254,-219,-369,-357,-339,-174,-892,-848,-1776,-1704,-1496,-1443]} 1. d4 f5 2. Nc3 Nf6 3. Bf4 d5 4. e3 e6 5. Bd3 c5 6. dxc5 {Threatening Nb5. A80: Dutch Defence: Unusual White second moves} (6. Nb5 $5 {[%cal Rb5c7]} Na6 7. Be2 $14) 6... Bxc5 7. Nf3 O-O 8. O-O {The position is equal.} Bd7 $146 ({Predecessor:} 8... Nc6 9. Nb5 Qe7 10. Ne5 a6 11. Nxc6 bxc6 12. Nd4 Bd7 13. Nf3 {0-1 (30) Moreto Quintana,A (2153)-Koziak,V (2461) La Roda 2007}) 9. Ne2 Nc6 10. a3 Nh5 11. b4 $36 {[%mdl 2048] White has the initiative.} Nxf4 12. exf4 Be7 13. c4 Bf6 14. Ra2 a6 15. Rd2 Ne7 16. cxd5 exd5 17. Qb1 Qb6 18. Rfd1 Rad8 19. Bc2 Bb5 20. Ned4 Bc4 21. g3 g6 22. Kg2 ({Better is} 22. Bb3 $16) 22... Nc8 {[%cal Be7c8,Bc8d6,Bd6e4][%mdl 32]} 23. Bb3 ({White should play} 23. Ne5 $14) 23... Rfe8 $11 24. h4 Nd6 25. h5 Ne4 26. Rc2 Qc7 27. hxg6 hxg6 28. b5 axb5 {[#]} 29. Nxb5 $1 {[%mdl 512]} Qb6 (29... Bxb5 30. Rxc7) 30. a4 {[%cal Ba3a4,Ba4a5][%mdl 32]} Kg7 ({Of course not} 30... Bxb5 $6 31. Rxd5 Rxd5 32. Bxd5+ Kg7 33. axb5 $16 (33. Qxb5 Qxb5 34. axb5 Re7 $16)) 31. Bxc4 dxc4 32. Rxd8 Rxd8 33. Qb4 c3 34. a5 Qc6 {Hoping for ...Rd3.} 35. Nbd4 $2 {[#]} (35. Ne5 $11 {and White stays safe.} Bxe5 36. Qe7+ Kh6 37. Qh4+ Kg7 38. Qe7+ (38. Qxd8 $2 {perishes.} Nd2+ 39. Kh2 Nf3+ 40. Kh3 Ne1 $19) 38... Kh6 39. Qh4+ Kg7 40. Qe7+ (40. Qxd8 Nd2+ 41. Kh2 Nf3+ 42. Kh3 Qxb5 $17)) 35... Qd5 $19 {[%cal Rf6d4]} 36. Ne2 {[%cal Re2c3]} Rc8 ({Weaker is} 36... Nd2 37. Rxc3 Bxc3 38. Qxc3+ Kg8 39. Ned4 $17) 37. Neg1 (37. Ned4 {was called for.}) 37... Nd2 38. Qb6 Qe4 (38... Nc4 $142 39. Qb4 Nxa5) 39. Qb5 $2 (39. Rc1) 39... Rd8 {Black is clearly winning.} 40. Rc1 Nxf3 41. Nxf3 Rd3 {Precision: White = 49%, Black = 39%.} 0-1

[Event "24th Bosnjaci Open 2019"]
[Site "Bosnjaci"]
[Date "2019.01.05"]
[Round "4.2"]
[White "Beletic, Daniel"]
[Black "Sale, Srdjan"]
[Result "1/2-1/2"]
[WhiteElo "2371"]
[BlackElo "2446"]
[Annotator "TA"]
[PlyCount "50"]
[EventDate "2019.01.03"]
[EventType "swiss"]
[EventCountry "CRO"]
[SourceTitle "playchess.com"]
[Source "ChessBase"]
[SourceQuality "1"]

{[%evp 23,50,-2,0,0,26,33,45,28,23,32,124,131,134,140,162,155,137,107,157,139,154,8,9,15,90,96,120,118,112]} 1. d4 Nf6 2. Nf3 g6 3. Bg5 Bg7 4. Nbd2 O-O 5. c3 d6 6. e4 c5 7. dxc5 dxc5 8. Be2 Nc6 9. O-O Qc7 10. Qc2 h6 11. Be3 {A48: 1 d4 Nf6 2 Nf3 g6: Torre, London and Colle Systems} b6 12. h3 Bb7 {LiveBook: 9 Games} 13. Nc4 $146 {The position is equal.} ({Predecessor:} 13. a4 Rac8 14. Rad1 Rfd8 15. Rfe1 e6 16. Qb1 Na5 17. b4 cxb4 18. cxb4 {1-0 (54) Naiditsch,A (2701)-Kovalev,V (2648) Sharjah 2018}) 13... Na5 14. Nxa5 Bxe4 15. Qc1 {[#] aiming for Bf4.} bxa5 16. Bxh6 Rab8 (16... e5 $14) 17. Bf4 $16 Qb6 18. Bxb8 Rxb8 19. Qe3 Qxb2 20. Bc4 {Black must now prevent Bxf7+!} Qb7 21. Nd2 {Hoping for Rfe1.} Rc8 {[#]} 22. Ba6 ({Better is} 22. Rfe1 $1 $16 Bxg2 23. Qxe7) 22... Qxa6 $11 23. Nxe4 Nd5 (23... Nxe4 $11 24. Qxe4 Bxc3) 24. Qf3 $16 f5 25. Ng5 Nxc3 {Accuracy: White = 56%, Black = 24%.} 1/2-1/2

[Event "24th Bosnjaci Open 2019"]
[Site "Bosnjaci"]
[Date "2019.01.05"]
[Round "4.3"]
[White "Rogulj, Branko"]
[Black "Klasan, Vladimir"]
[Result "1/2-1/2"]
[WhiteElo "2413"]
[BlackElo "2364"]
[Annotator "TA"]
[PlyCount "54"]
[EventDate "2019.01.03"]
[EventType "swiss"]
[EventCountry "CRO"]
[SourceTitle "playchess.com"]
[Source "ChessBase"]
[SourceQuality "1"]

{[%evp 20,54,74,71,72,65,195,202,276,287,287,288,278,281,279,274,329,35,25,18,22,17,14,14,35,39,42,37,43,19,22,14,30,-23,-13,-6,-5]} 1. e4 d5 2. exd5 Qxd5 3. Nc3 Qd6 4. d4 Nf6 5. Nf3 a6 6. g3 Bg4 7. h3 {B01: Scandinavian Defence} (7. Bg2 c6 8. O-O e6 9. h3 Bxf3 10. Bxf3 Be7 11. b3 O-O 12. Bb2 Nbd7 13. Ne2 Rad8 14. Re1 Rfe8 {0-1 (64) Hou,Y (2663)-Megaranto,S (2535) Almaty 2016}) 7... Bh5 8. Bg2 Nc6 9. d5 Nb4 10. Bf4 Qc5 11. Be3 {LiveBook: 3 Games} Qa5 {[%cal Rb4d5]} 12. O-O {Threatens to win with g4.} O-O-O (12... Nfxd5 $14 13. Bd2 e6) 13. g4 $18 Bg6 14. Nd4 {[#] Black must now prevent Nb3.} Nbxd5 {[#]} 15. Nb3 $146 Qb4 16. Nxd5 ({Stronger than} 16. Bxd5 Nxd5 17. Nxd5 Qc4 $17) 16... Nxd5 17. Bxd5 e6 18. Bd2 $2 {[#]} (18. c3 $18 Qd6 19. Bg2 Qxd1 20. Raxd1) 18... Rxd5 $14 19. Bxb4 Rxd1 20. Raxd1 Bxb4 21. c3 Be7 22. f4 $36 {[%mdl 2048] White has some pressure.} b6 23. Nd4 Be4 24. Kf2 h5 25. g5 Bd6 26. Ne2 ({Better is} 26. Rfe1 Bg6 27. Ke3) 26... h4 $11 27. Rg1 Bf5 {Accuracy: White = 43%, Black = 67%.} 1/2-1/2

[Event "24th Bosnjaci Open 2019"]
[Site "Bosnjaci"]
[Date "2019.01.05"]
[Round "4.4"]
[White "Tomas, Ante"]
[Black "Ivekovic, Bozidar"]
[Result "0-1"]
[WhiteElo "2102"]
[BlackElo "2398"]
[Annotator "NA"]
[PlyCount "58"]
[EventDate "2019.01.03"]
[EventType "swiss"]
[EventCountry "CRO"]
[SourceTitle "playchess.com"]
[Source "ChessBase"]
[SourceQuality "1"]
[TimeControl "5400+30"]

1. e4 {[%emt 0:00:30]} c5 {[%emt 0:00:30]} 2. c3 {[%emt 0:00:00]} d5 {[%emt 0:00:00]} 3. exd5 {[%emt 0:00:00]} Qxd5 {[%emt 0:00:00]} 4. d4 {[%emt 0:00:30]} Nf6 {[%emt 0:00:30]} 5. Nf3 {[%emt 0:00:00]} e6 {[%emt 0:01:30]} 6. Be3 {[%emt 0:00:00]} Nc6 {[%emt 0:07:30]} 7. dxc5 {[%emt 0:04:30]} Qxd1+ {[%emt 0:01:30]} 8. Kxd1 {[%emt 0:00:30]} Ng4 {[%emt 0:00:00]} 9. b4 {[%emt 0:03:30]} Nxe3+ {[%emt 0:03:00]} 10. fxe3 {[%emt 0:00:00]} a5 {[%emt 0:00:30]} 11. Bb5 {[%emt 0:00:00]} Bd7 {[%emt 0:02:30]} 12. Nbd2 {[%emt 0:19:30]} axb4 {[%emt 0:03:30]} 13. Bxc6 {[%emt 0:00:30]} Bxc6 {[%emt 0:00:00]} 14. cxb4 {[%emt 0:00:00]} g6 {[%emt 0:00:00]} 15. Nc4 {[%emt 0:23:00]} Bg7 {[%emt 0:06:30]} 16. Nd6+ {[%emt 0:02:30]} Ke7 {[%emt 0:00:30]} 17. Nd4 {[%emt 0:18:30]} Bxg2 {[%emt 0:09:30]} 18. Rg1 {[%emt 0:06:21]} Bd5 {[%emt 0:00:30]} 19. Rf1 {[%emt 0:00:35]} f5 {[%emt 0:00:30]} 20. a3 {[%emt 0:11:29]} Be5 {[%emt 0:00:30]} 21. Kd2 {[%emt 0:02:14]} Rhd8 {[%emt 0:11:30]} 22. Rfc1 {[%emt 0:03:27]} Bxh2 {[%emt 0:00:30]} 23. Rh1 {[%emt 0:00:50]} Bxh1 {[%emt 0:00:30]} 24. Rxh1 {[%emt 0:00:02]} Bxd6 {[%emt 0:00:00]} 25. Rxh7+ {[%emt 0:00:19]} Kf6 {[%emt 0:00:00]} 26. cxd6 {[%emt 0:00:05]} Rxd6 {[%emt 0:00:30]} 27. Kc2 {[%emt 0:01:13]} Rxa3 {[%emt 0:01:30]} 28. Rxb7 {[%emt 0:00:26]} Rxe3 {[%emt 0:00:00]} 29. Nb5 {[%emt 0:00:07]} Rd8 {[%emt 0:01:00]} 0-1

[Event "24th Bosnjaci Open 2019"]
[Site "Bosnjaci"]
[Date "2019.01.05"]
[Round "4.5"]
[White "Kovacevic, Blazimir"]
[Black "Muha, Miljenko"]
[Result "1/2-1/2"]
[WhiteElo "2488"]
[BlackElo "2310"]
[Annotator "TA"]
[PlyCount "61"]
[EventDate "2019.01.03"]
[EventType "swiss"]
[EventCountry "CRO"]
[SourceTitle "playchess.com"]
[Source "ChessBase"]
[SourceQuality "1"]

{[%evp 21,61,-11,4,10,16,15,37,39,45,26,17,20,22,16,46,45,39,-27,-8,-56,-56,-54,-52,-70,-46,-46,14,-33,-23,-134,-137,-181,-181,-181,-167,-166,-104,-99,-93,-105,-105,-105]} 1. Nf3 d5 2. g3 g6 3. Bg2 Bg7 4. O-O e5 5. d3 Ne7 6. e4 O-O 7. exd5 Nxd5 8. Re1 Nc6 9. Nc3 {[%cal Bb1c3,Bc3a4,Ba4c5][%mdl 32]} Nde7 {A07: Réti Opening: New York and Capablanca Systems} 10. Rb1 a5 11. a3 a4 {LiveBook: 3 Games. The position is equal.} 12. Re4 Nd5 13. Nxa4 $146 ({Predecessor:} 13. Bd2 Bf5 14. Re1 Nb6 15. Qc1 Re8 16. Bh6 f6 17. Ne4 {½-½ (63) Nepomniachtchi,I (2729)-Caruana,F (2799) London 2017}) 13... Nf6 14. Bg5 Bf5 15. Rc4 Be6 16. Rxc6 bxc6 17. Nc5 Bd5 18. c4 Qd6 19. Bxf6 (19. cxd5 $14 Qxc5 20. Nxe5) 19... Bxf3 $11 20. Qxf3 {[#] Strongly threatening Bxg7.} (20. Bxf3 {is more complex.} Bxf6 21. Ne4 Qd8 22. Nxf6+ Qxf6 23. a4) 20... Qxc5 21. Bxg7 Kxg7 22. Qxc6 Qxc6 23. Bxc6 $14 {[%mdl 4096] Endgame KRR-KRB} Rad8 (23... Ra7 $15) 24. b4 Rxd3 25. a4 (25. Ra1 $1 $11) 25... Ra3 26. Rd1 Rb8 27. Rd7 Rxb4 28. Bd5 {[#]} Rbxa4 (28... c6 $1 $19 {[%cal Rc6d5]} 29. Rxf7+ Kh6 30. Bxc6 Rxc4) 29. Rxf7+ $17 {Black is better.} Kh6 30. Rxc7 Ra7 31. Rc8 {Accuracy: White = 47%, Black = 57%.} 1/2-1/2

[Event "24th Bosnjaci Open 2019"]
[Site "Bosnjaci"]
[Date "2019.01.05"]
[Round "4.6"]
[White "Fercec, Nenad"]
[Black "Cvitan, Ena"]
[Result "1-0"]
[WhiteElo "2451"]
[BlackElo "2201"]
[Annotator "TA"]
[PlyCount "163"]
[EventDate "2019.01.03"]
[EventType "swiss"]
[EventCountry "CRO"]
[SourceTitle "playchess.com"]
[Source "ChessBase"]
[SourceQuality "1"]

{[%evp 22,163,0,-7,0,0,-12,-24,-30,-33,-38,-54,-36,-53,0,0,0,-3,-3,0,-6,-53,-41,-83,0,2,14,-37,56,56,56,56,52,63,61,51,51,51,51,51,56,56,56,56,56,56,56,51,51,51,56,35,36,36,36,36,43,44,50,50,54,35,35,42,42,43,43,29,44,0,0,0,0,0,0,0,0,0,0,0,47,0,61,0,62,0,0,0,0,0,0,0,0,8,62,62,69,69,69,69,69,48,45,48,49,52,59,52,61,8,255,255,255,255,29967,29967,29968,255,29969,29970,29974,29975,29975,29976,29977,29977,29977,29979,29979,29979,29980,29981,29981,29979,29981,29982,29982,29983,29985,29982,29985,29986,29986,29987]} 1. e4 c6 2. d4 d5 3. e5 Bf5 4. Nf3 e6 5. Be2 Ne7 6. O-O c5 7. c3 Nec6 8. Be3 Nd7 9. Nbd2 {[%cal Bb1d2,Bd2b3,Bb3c5][%mdl 32]} Be7 {B12: Caro-Kann: Advance Variation} 10. a3 O-O (10... a6 11. Re1 O-O 12. Nf1 Rc8 13. Ng3 Bg6 14. Nd2 cxd4 15. cxd4 Qb6 16. b4 Nxd4 17. Bf1 {0-1 (50) Caruana,F (2822)-Mamedyarov,S (2801) Saint Louis 2018}) 11. b4 cxd4 12. cxd4 {LiveBook: 4 Games} a6 13. Nb3 b5 $146 ({Predecessor:} 13... f6 14. exf6 Bxf6 15. Rc1 {0-1 (40) Zuriel,M (2186)-Hernandez Estevez,Y (2192) Batumi 2018}) 14. Rc1 Rc8 15. Nc5 Nb6 $1 16. Nxa6 Nc4 17. a4 Nxb4 (17... Qb6 $5 {[%cal Rb6a6]} 18. Nc5 bxa4 $11) 18. Nxb4 Bxb4 19. axb5 Qa5 20. Qb3 {[%cal Re2c4]} Qxb5 21. Nh4 Be4 22. f3 {[#]} Bg6 (22... Qb6 $1 $17 {Threatens to win with ...Bd2.} 23. Bxc4 (23. fxe4 Bd2 $17 {[%mdl 64] Discovered Attack (Double check)}) 23... dxc4 24. Rxc4 Rxc4 25. Qxc4 Bd5) 23. Nxg6 $11 hxg6 24. Rc2 (24. Bf2 $11) 24... Qb7 (24... Qb8 $1 $15 25. Bxc4 dxc4) 25. Bxc4 $14 Rxc4 26. Rxc4 dxc4 27. Qxc4 Rc8 28. Qa2 Qb5 29. Bf2 Qd3 30. Qb1 Qd2 31. Rd1 Qe2 32. Rc1 Rxc1+ 33. Qxc1 Qd3 34. h3 Bd2 35. Qd1 Kh7 36. g3 Qc3 37. Qe2 Qa1+ 38. Kg2 Bc3 39. Qe4 Qb2 40. h4 Kg8 41. g4 Kh8 42. Kg3 Kg8 43. Qd3 Kh8 44. f4 Qb3 45. h5 gxh5 46. gxh5 Kg8 47. Qf3 Qc4 48. Qa8+ Kh7 49. Qe4+ Kg8 50. Qf3 Kh8 51. Kg2 Kg8 (51... Qb3 $11) 52. Qe4 (52. f5 $14) 52... Kh8 (52... Qa2 $11) 53. Kf3 (53. f5 $1 $14) 53... Qf1 $11 {...Qh1+ is the strong threat.} 54. Kg3 {aiming for d5.} Qc4 55. Qc2 Kg8 56. Qe4 Kh8 57. Kg2 Kg8 ({Better is} 57... Qa2 $11) 58. f5 $1 $14 exf5 59. Qxf5 Bb2 60. Qe4 Qc3 61. e6 fxe6 $1 62. Qxe6+ Kh8 63. Qe8+ Kh7 64. Qe4+ Kh8 65. d5 ({White should play} 65. Be3 $14) 65... Qe5 $2 (65... Qd2 $11) 66. Qxe5 $18 Bxe5 {[%mdl 4096] Endgame KB-KB} 67. Kf3 Kg8 $2 (67... Kh7 $18 68. Bg3 Bf6) 68. Ke4 Bd6 69. Bd4 $2 (69. Kf5 {mates} Kf7 70. Be3 Be7 71. Bd4 Ba3 72. Be5 Bc5 73. d6 Bb4 74. d7) 69... Kf7 $2 (69... Kh7 $18 70. Kf5 Kh6) 70. Be5 {White mates.} Be7 71. d6 {[%cal Bd5d6,Bd6d7][%mdl 32]} Bd8 72. Kd5 Bg5 73. d7 Be7 74. Kc6 Kg8 75. Kc7 Kh7 76. Kc8 Kh6 77. Bd4 Bh4 78. Bb6 Kxh5 79. Bd8 Be1 {[#]} 80. Bf6 $1 {[%mdl 512]} Ba5 (80... gxf6 81. d8=Q) 81. Bxg7 Kg6 82. Be5 {Accuracy: White = 60%, Black = 51%.} 1-0

[Event "24th Bosnjaci Open 2019"]
[Site "Bosnjaci"]
[Date "2019.01.05"]
[Round "4.7"]
[White "Zovko, Mario"]
[Black "Andrijevic, Milan"]
[Result "1-0"]
[WhiteElo "2318"]
[BlackElo "2244"]
[Annotator "TA"]
[PlyCount "83"]
[EventDate "2019.01.03"]
[EventType "swiss"]
[EventCountry "CRO"]
[SourceTitle "playchess.com"]
[Source "ChessBase"]
[SourceQuality "1"]

{[%evp 21,83,68,62,64,73,62,60,54,53,45,56,38,64,35,117,98,97,101,160,152,154,162,260,247,312,331,402,392,384,381,388,432,397,278,299,264,270,277,264,268,233,260,345,328,362,337,428,379,787,825,849,699,1619,1024,3718,3415,2497,2399,29992,29993,29995,29996,29996,29993]} 1. e4 c5 2. Nf3 e6 3. d4 cxd4 4. Nxd4 a6 5. Bd3 Nf6 6. O-O e5 7. Bg5 {B42: Sicilian: Kan Variation: 5 Bd3} (7. Nb3 d6 8. c4 Be7 9. Nc3 O-O 10. f3 Be6 11. Be3 Nbd7 12. Qd2 a5 13. Nd5 a4 14. Nc1 Nc5 15. Nxe7+ Qxe7 {1-0 (41) Wang,H (2678)-Pantsulaia,L (2607) Subic Bay 2016}) 7... h6 8. Bxf6 Qxf6 9. Nf5 d6 10. Ne3 Qd8 11. Nc3 Be7 {LiveBook: 3 Games} 12. Ncd5 Be6 13. c3 Nd7 14. Qe2 O-O 15. Rfd1 $146 Bg5 16. Bc2 Rc8 17. g3 Nc5 (17... Bxe3 $14 18. Qxe3 Bxd5 19. Rxd5 Nb6) 18. Nc4 Rc6 19. a4 Qb8 ({Black should play} 19... Nd7) 20. h4 {[%cal Bh2h4,Bh4h5][%mdl 32]} Bd8 {[#]} 21. a5 $1 Bxd5 (21... Nd7 $142 22. Ba4 Rc5) 22. exd5 $18 (22. Rxd5 Qc7 $16) 22... Rc7 23. Nxd6 g6 24. h5 Re7 25. Nc4 Kg7 26. d6 Re6 27. Rd5 Nd7 28. Ba4 b5 29. axb6 $1 (29. Nxe5 Rxe5 30. Rxe5 Nxe5 $17) 29... Nxb6 30. Nxb6 ({Weaker is} 30. Rxe5 Nxc4 31. Rxe6 fxe6 $16) 30... Bxb6 {[#]} 31. Rad1 $1 e4 32. c4 {[%cal Bc3c4,Bc4c5][%mdl 32]} ({Inferior is} 32. Qxa6 Bxf2+ 33. Kh2 (33. Kxf2 Qxb2+ 34. Kg1 e3 $17) 33... Rf6 $11) 32... e3 33. c5 exf2+ 34. Qxf2 Ba7 $2 (34... Bd8 35. Bd7 Re4) 35. Qd4+ Kh7 36. Rf1 f5 37. Bc2 Rff6 38. hxg6+ Kg7 39. Rfxf5 Rxd6 40. Rxf6 {[%mdl 64] Overworked Piece. White mates.} Rxf6 41. Rd7+ Kg8 42. Rd8+ {Accuracy: White = 74%, Black = 45%.} 1-0